000 01120nam a2200337 c 4500
001 53948
003 ES-MaCES
005 20251118131428.0
008 251107s2025 sp l 000 | spa d
017 _aM 16482-2025
_bDL
020 _a9788430993086
040 _aES-MaCES
_bspa
_cES-MaCES
245 0 0 _aLegislación básica de Derecho internacional público
_ced. preparada por Paz Andrés Sáenz de Santa María
250 _a25ª ed
260 _aMadrid
_bTecnos
_c2025
300 _a1244 p
_c21 cm
490 1 _aBiblioteca de Textos Legales
_v253
500 _aÍndices
541 _cCompra
650 4 _aderecho internacional
_926684
650 4 _aderecho público
_927169
650 4 _aderecho constitucional
_927158
650 4 _alegislación
_927153
650 4 _atexto
_929624
653 1 0 _aLegislación
700 1 _aAndrés Sáenz de Santa María, María Paz
_eed. lit.
_96304
787 0 _tLegislación básica de Derecho internacional público
_w(ES-MaCES)53450
830 0 _aBiblioteca de textos legales (Editorial Tecnos)
_v253
_932312
902 _aLIB Libro
942 _2CES
_cBK
_h6.1.
999 _c53948
_d53948